| 000 | 01061nac a22002531u 4500 | ||
|---|---|---|---|
| 010 | _a 2004058901 | ||
| 020 | _a0743271521 | ||
| 022 | _a0713998547 | ||
| 082 | 0 | 0 |
_a355.009 _bM7811 |
| 090 |
_c2714 _d2714 |
||
| 100 | _a20080729 | ||
| 245 | 0 | 0 |
_aWill they ever trust us again? : _bletters from the war zone / _cMichael Moore. |
| 260 |
_aNew York : _bSimon & Schuster,2004 _c2004. |
||
| 300 |
_axiv, 218 p. ; _c22 cm. |
||
| 650 | 0 |
_aIraq War, 2003- _vPersonal narratives, American. |
|
| 650 | 0 |
_aSoldiers _zUnited States _vCorrespondence. |
|
| 651 | 0 |
_aUnited States _xHistory, Military |
|
| 651 | 0 |
_aUnited States _xArmed Forces |
|
| 700 | 1 |
_aMoore, Michael, _d1954 Apr. 23- |
|
| 856 | 4 | 2 |
_3Publisher description _uhttp://www.loc.gov/catdir/description/simon051/2004058901.html |
| 856 | 4 | 2 |
_3Sample text _uhttp://www.loc.gov/catdir/enhancements/fy0640/2004058901-s.html |
| 942 |
_cBB _k355.009M7811 |
||
| 999 |
_c2714 _d2714 |
||